Theory and practice of psychiatric care / (Record no. 3584)
[ view plain ]
| 000 -LEADER | |
|---|---|
| fixed length control field | 00768nam a22002411a 4500 |
| 003 - CONTROL NUMBER IDENTIFIER | |
| control field | ALUPE UNIVERSITY COLLEGE |
| 005 - DATE AND TIME OF LATEST TRANSACTION | |
| control field | 20220124125659.0 |
| 008 - FIXED-LENGTH DATA ELEMENTS--GENERAL INFORMATION | |
| fixed length control field | 500101s1984 enkabk 001 0 eng d |
| 020 ## - INTERNATIONAL STANDARD BOOK NUMBER | |
| International Standard Book Number | 0340265647 |
| 024 2# - OTHER STANDARD IDENTIFIER | |
| Additional codes following the standard number [OBSOLETE] | 4084619 |
| 040 ## - CATALOGING SOURCE | |
| Transcribing agency | ALUPE UNIVERSITY COLLEGE |
| 049 ## - LOCAL HOLDINGS (OCLC) | |
| Holding library | CU |
| Local processing data | b |
| 050 #0 - LIBRARY OF CONGRESS CALL NUMBER | |
| Classification number | RC440 |
| Item number | .D32 1984 |
| 092 ## - LOCALLY ASSIGNED DEWEY CALL NUMBER (OCLC) | |
| Classification number | D0501901624 |
| 100 1# - MAIN ENTRY--PERSONAL NAME | |
| Personal name | Darcy, P. T. |
| 245 10 - TITLE STATEMENT | |
| Title | Theory and practice of psychiatric care / |
| Statement of responsibility, etc. | P.T. Darcy ; foreword by J.J. Gormley |
| 260 ## - PUBLICATION, DISTRIBUTION, ETC. | |
| Place of publication, distribution, etc. | London : |
| Name of publisher, distributor, etc. | Hodder and Stoughton, |
| Date of publication, distribution, etc. | 1984 |
| 300 ## - PHYSICAL DESCRIPTION | |
| Extent | vi, 298 p : |
| Other physical details | ill, 1 map, 1 form ; |
| Dimensions | 22 cm |
| 504 ## - BIBLIOGRAPHY, ETC. NOTE | |
| Bibliography, etc. note | Bibliography: p286-289. - Includes index |
| 650 #0 - SUBJECT ADDED ENTRY--TOPICAL TERM | |
| Topical term or geographic name entry element | Psychiatric nursing |
| 942 ## - ADDED ENTRY ELEMENTS (KOHA) | |
| Source of classification or shelving scheme | |
| Koha item type | Book |
| Suppress in OPAC | PW |
| Withdrawn status | Lost status | Source of classification or shelving scheme | Damaged status | Not for loan | Permanent Location | Current Location | Shelving location | Date acquired | Source of acquisition | Total Checkouts | Full call number | Barcode | Date last seen | Price effective from | Koha item type | Public note |
|---|---|---|---|---|---|---|---|---|---|---|---|---|---|---|---|---|
| AU LIBRARY | AU LIBRARY | Open Shelf | 24.01.2022 | DONATION FROM MOI UNIVERSITY | RC440 .D27 1984 | 28004530 | 24.01.2022 | 24.01.2022 | Book | PW |